Informal enforcement (Record no. 60045)
[ view plain ]
| 000 -LEADER | |
|---|---|
| fixed length control field | 00930cam a2200217 4500 |
| 001 - CONTROL NUMBER | |
| control field | WB3539-24 |
| 008 - FIXED-LENGTH DATA ELEMENTS--GENERAL INFORMATION | |
| fixed length control field | 000000n1999 000 0 eng u |
| 035 ## - SYSTEM CONTROL NUMBER | |
| System control number | (Sirsi) u100268 |
| 245 ## - TITLE STATEMENT | |
| Title | Informal enforcement |
| 260 ## - PUBLICATION, DISTRIBUTION, ETC. | |
| Date of publication, distribution, etc. | 1999 |
| 490 ## - SERIES STATEMENT | |
| Series statement | Estates Gazette |
| Volume/sequential designation | (9939) 2 October 1999, 148(1) |
| 520 ## - SUMMARY, ETC. | |
| Summary, etc. | The case of "Yaxley v Gotts" upholds that the doctrine of estoppel will not be used to validate an oral agreement over land that statute requires to be in writing. However, whilst the CA was unanimous in its acceptance of this principle, it was also prepared to use proprietary estoppel and constructive trusts to give effect to informal agreements. |
| 590 ## - LOCAL NOTE (RLIN) | |
| Local note | WB |
| 650 ## - SUBJECT ADDED ENTRY--TOPICAL TERM | |
| Topical term or geographic name entry element | YAXLEY V GOTTS |
| 650 ## - SUBJECT ADDED ENTRY--TOPICAL TERM | |
| Topical term or geographic name entry element | ESTOPPEL |
| 650 ## - SUBJECT ADDED ENTRY--TOPICAL TERM | |
| Topical term or geographic name entry element | CONSTRUCTIVE TRUSTS |
| 650 ## - SUBJECT ADDED ENTRY--TOPICAL TERM | |
| Topical term or geographic name entry element | PUBLIC POLICY |
| 650 ## - SUBJECT ADDED ENTRY--TOPICAL TERM | |
| Topical term or geographic name entry element | LAW OF PROPERTY (MISCELLANEOUS PROVISIONS) ACT 1989 S2 |
| 690 ## - LOCAL SUBJECT ADDED ENTRY--TOPICAL TERM (OCLC, RLIN) | |
| Topical term or geographic name as entry element | PROPERTY LAW AND PRACTICE-CASE LAW |
| 942 ## - ADDED ENTRY ELEMENTS (KOHA) | |
| Suppress in OPAC | 0 |
| Withdrawn status | Lost status | Source of classification or shelving scheme | Damaged status | Not for loan | Home library | Current library | Shelving location | Date acquired | Total Checkouts | Full call number | Barcode | Date last seen | Copy number | Price effective from | Koha item type |
|---|---|---|---|---|---|---|---|---|---|---|---|---|---|---|---|
| Dewey Decimal Classification | London | London | News article | 07/10/1999 | WB3539-24 | 100268-1001 | 06/08/2019 | 1 | 06/08/2019 | News article |